000 01241cam a22002531i 4500
003 SA-RiAUC
005 20260313114706.0
008 260312s1911 ||| g 000 0 ara c
082 0 4 _a252.31
090 _aم ن 252.31
_bت ق ي
100 1 _aتقي الدين السبكي، علي بن عبد الكافي بن علي،
_d683-756 هجري
_eمؤلف.
245 1 2 _aكتاب العلم المنشور في إثبات الشهور /
_cعلي بن عبد الكافي الدمشقي ؛ تحقيق محمد جمال الدين القاسمي.
264 1 _a[مكان النشر غير محدد] :
_b[الناشر غير محدد]،
_c[1911]
264 3 _a[مكان الطبع غير محدد] :
_bمطبعة كردستان
300 _a56 صفحة؛
_c29 سم.
336 _aنص
_btxt
_2rdacontent
_3كتاب
337 _aبدون وسيط
_bn
_2rdamedia
338 _aمجلد
_bnc
_2rdacarrier
650 7 _aثبوت رؤية الهلال
_2aucsh
650 7 _aشهر رمضان
_xثبوت الرؤية
_2aucsh
700 1 _aجمال الدين القاسمي، جمال الدين بن محمد سعيد بن قاسم،
_d1283-1332 هجري
_eمحقق.
942 _2ddc
_cRBOOK COPY
_n0
949 _aSA-JeALM
_d260312
_umohamedma123
_n1
999 _c14547
_d14547